[Event "4NCL Online Division 5"]
[Site "online"]
[Date "2021.11.02"]
[EventDate "2021.11.02"]
[Round "6.193"]
[White "Bonner, Dennis M"]
[WhiteElo "1477"]
[WhiteTeam "Shropshire and Friends 6"]
[Black "Braithwaite, Paul"]
[BlackElo "1199"]
[BlackTeam "Wolfpack 2"]
[Result "1-0"]
[PlyCount "67"]

1. d4 d5 2. Bf4 Nf6 3. e3 e6 4. c3 Be7 5. Nd2 O-O 6. Ngf3 Nc6 7. h3 Nh5 8. Bh2 Bd7 9. Bd3 Bd6 10. Ne5 Nf6 11. O-O a6 12. f4 b5 13. a3 Rb8 14. Qf3 a5 15. Bg3 b4 16. axb4 axb4 17. c4 dxc4 18. Ndxc4 Na7 19. Rxa7 Bxe5 20. fxe5 Nd5 21. Rfa1 Nb6 22. Nxb6 cxb6 23. Be4 f6 24. Ra8 Rxa8 25. Rxa8 Qe7 26. Rxf8+ Qxf8 27. exf6 gxf6 28. Qe2 Qc8 29. Qg4+ Kh8 30. Qh5 Qg8 31. Qh4 f5 32. Qf6+ Qg7 33. Qd8+ Qg8 34. Be5# 1-0

[Event "4NCL Online Division 5"]
[Site "online"]
[Date "2021.11.02"]
[EventDate "2021.11.02"]
[Round "6.194"]
[White "Smith, Henry"]
[WhiteElo "986"]
[WhiteTeam "Wolfpack 2"]
[Black "Thompson, Richard G"]
[BlackElo "1474"]
[BlackTeam "Shropshire and Friends 6"]
[Result "1/2-1/2"]
[PlyCount "96"]

1. d4 e6 2. Nc3 f5 3. e4 fxe4 4. Nxe4 Nf6 5. Bg5 Be7 6. Nxf6+ Bxf6 7. Bxf6 Qxf6 8. Nf3 O-O 9. Bd3 Nc6 10. c3 d6 11. O-O e5 12. dxe5 Nxe5 13. Nxe5 Qxe5 14. Qc2 g6 15. Rae1 Qg5 16. Re3 Bf5 17. Bxf5 Qxf5 18. Qxf5 Rxf5 19. Re7 Rf7 20. Rfe1 Raf8 21. Rxf7 Rxf7 22. Re8+ Kg7 23. Ra8 a6 24. Rb8 c6 25. Rd8 d5 26. Re8 Kf6 27. Kf1 Re7 28. Rxe7 Kxe7 29. Ke2 Ke6 30. Ke3 c5 31. a3 g5 32. b4 b6 33. bxc5 bxc5 34. Kd3 Ke5 35. Ke3 h5 36. f3 Kf5 37. g3 Ke5 38. Kd3 Ke6 39. Ke3 Kf5 40. Kd3 Ke5 41. Ke3 h4 42. Kd3 Kf5 43. Ke3 Ke6 44. Kd3 Ke5 45. Ke3 Kf5 46. Kd3 Ke5 47. Ke3 Kf5 48. Kd3 Ke5 1/2-1/2

[Event "4NCL Online Division 5"]
[Site "online"]
[Date "2021.11.02"]
[EventDate "2021.11.02"]
[Round "6.202"]
[White "Rosenbaum, Danny"]
[WhiteElo "1697"]
[WhiteTeam "Hackney Spice Boys"]
[Black "Laddhad, Laksh"]
[BlackElo "1294"]
[BlackTeam "Harrow 4"]
[Result "1-0"]
[PlyCount "31"]

1. e4 d5 2. exd5 Qxd5 3. Nc3 Qd8 4. Nf3 Bg4 5. Bc4 Nd7 6. Bxf7+ Kxf7 7. Ng5+ Ke8 8. Qxg4 Ngf6 9. Qe6 Qc8 10. O-O Qb8 11. Qf7+ Kd8 12. Ne6+ Kc8 13. Nb5 a6 14. Nbxc7 Ne5 15. Nxa8 Nxf7 16. Nb6# 1-0

[Event "4NCL Online Division 5"]
[Site "online"]
[Date "2021.11.02"]
[EventDate "2021.11.02"]
[Round "6.203"]
[White "Cann, Arthur"]
[WhiteElo "1148"]
[WhiteTeam "Harrow 4"]
[Black "Morgan, Marc"]
[BlackElo "1625"]
[BlackTeam "Hackney Spice Boys"]
[Result "0-1"]
[PlyCount "60"]

1. d4 g6 2. c4 d6 3. g3 Bg7 4. Nf3 Nf6 5. Bg2 O-O 6. Nc3 Na6 7. e3 c5 8. d5 Nc7 9. O-O e5 10. dxe6 Nxe6 11. Re1 Rb8 12. b3 Ne4 13. Nxe4 Bxa1 14. h4 Bg7 15. Nfg5 Nxg5 16. Nxg5 Be6 17. Nxe6 fxe6 18. a3 Qe7 19. b4 Rbd8 20. Qa4 b6 21. b5 Rf7 22. Rd1 Rdf8 23. Rd2 Kh8 24. Qd1 Rd8 25. Bb2 e5 26. Bd5 Rf6 27. a4 Rff8 28. e4 Rf6 29. Bc3 Rdf8 30. a5 Rf3 0-1

[Event "4NCL Online Division 5"]
[Site "online"]
[Date "2021.11.02"]
[EventDate "2021.11.02"]
[Round "6.204"]
[White "Saunois, Anthony"]
[WhiteElo "1400"]
[WhiteTeam "Hackney Spice Boys"]
[Black "Evans, Joseph"]
[BlackElo "956"]
[BlackTeam "Harrow 4"]
[Result "1-0"]
[PlyCount "111"]

1. d4 Nf6 2. c4 g6 3. Nc3 Bg7 4. e3 d6 5. Nf3 Nbd7 6. Qc2 b6 7. Bd3 Bb7 8. d5 c6 9. e4 cxd5 10. exd5 e6 11. Qe2 Qe7 12. O-O O-O 13. Ng5 Rfe8 14. Re1 Nc5 15. Bc2 Rac8 16. b4 Na6 17. Ba4 Red8 18. dxe6 Nxb4 19. exf7+ Qxf7 20. Ne6 Re8 21. Bxe8 Rxe8 22. Ba3 Rxe6 23. Qxe6 Qxe6 24. Rxe6 Nc2 25. Rd1 Nxa3 26. Rdxd6 Nxc4 27. Rd8+ Kf7 28. Re1 Ng4 29. Rd7+ Kf6 30. Rxb7 g5 31. Ne4+ Kg6 32. Ng3 Bc3 33. Re6+ Nf6 34. Ne4 h5 35. Nxf6 Bxf6 36. Rxa7 Kf5 37. Rc6 Nd2 38. Rxb6 Bd4 39. Ra5+ Kf4 40. Rb4 Ke4 41. Raa4 Kd3 42. Rxd4+ Kc2 43. Rd5 Nb1 44. Rxg5 Nc3 45. Rc4 Kd3 46. Rc7 Nxa2 47. Rxh5 Nb4 48. Rh8 Nc2 49. Kf1 Nd4 50. Rd8 Ke4 51. Re7+ Kd3 52. Ke1 Kc3 53. g4 Nf3+ 54. Ke2 Nd4+ 55. Kf1 Nc6 56. Rc7 1-0

[Event "4NCL Online Division 5"]
[Site "online"]
[Date "2021.11.02"]
[EventDate "2021.11.02"]
[Round "6.211"]
[White "Blythe, Douglas"]
[WhiteElo "1541"]
[WhiteTeam "Wessex Some Stars H"]
[Black "Harrison, Peter K"]
[BlackElo "1659"]
[BlackTeam "Devana Corieltauvorum"]
[Result "0-1"]
[PlyCount "80"]

1. c4 Nf6 2. Nc3 e5 3. g3 Nc6 4. Bg2 d6 5. e4 a6 6. Nge2 Bg4 7. h3 Bxe2 8. Nxe2 Nd4 9. Nxd4 exd4 10. d3 Rb8 11. O-O Be7 12. Bg5 h6 13. Bd2 O-O 14. f4 Nd7 15. Kh2 b5 16. b3 bxc4 17. bxc4 c5 18. Rb1 Qc7 19. Qa4 Qa7 20. Bf3 Nb6 21. Qa3 Nd7 22. Rb3 Rxb3 23. axb3 Rb8 24. b4 cxb4 25. Bxb4 Nc5 26. Bxc5 dxc5 27. Ra1 Rb6 28. Rd1 Qb7 29. Rd2 Rb3 30. Qa2 Qb6 31. Bd1 Rb4 32. Qa3 a5 33. Ra2 Bd8 34. Kg2 Bc7 35. Ba4 g5 36. Kf3 Qd6 37. e5 Qb6 38. Bb5 Qb7+ 39. Kf2 Qh1 40. Re2 Rb1 0-1

[Event "4NCL Online Division 5"]
[Site "online"]
[Date "2021.11.02"]
[EventDate "2021.11.02"]
[Round "6.212"]
[White "Wylie, Steve"]
[WhiteElo "1676"]
[WhiteTeam "Devana Corieltauvorum"]
[Black "Peacock, Christopher D"]
[BlackElo "1492"]
[BlackTeam "Wessex Some Stars H"]
[Result "1-0"]
[PlyCount "99"]

1. d4 d5 2. Bf4 Bf5 3. c4 e6 4. Qb3 b6 5. e3 Nf6 6. Nc3 Bd6 7. Bxd6 Qxd6 8. Nf3 O-O 9. Rc1 c6 10. Be2 Nbd7 11. cxd5 exd5 12. O-O Rac8 13. Rfd1 Ne4 14. Nxe4 Bxe4 15. Bd3 Bxf3 16. gxf3 f5 17. Qc2 Qg6+ 18. Kh1 Qh5 19. Qe2 Rf6 20. Rg1 Rh6 21. Rg2 Re8 22. Rcg1 Re7 23. f4 Nf6 24. Qxh5 Rxh5 25. Be2 Rh6 26. Rg5 Ne4 27. R5g2 Kf8 28. Bd3 Nxf2+ 29. Rxf2 Rxe3 30. Bxf5 g6 31. Bd7 c5 32. f5 gxf5 33. Rxf5+ Ke7 34. Rxd5 cxd4 35. Rxd4 Re2 36. h3 Rxb2 37. a4 Rf6 38. Re1+ Kf7 39. Be8+ Kg7 40. Rg4+ Kf8 41. Rg2 Rb3 42. Bd7 Rd3 43. Bg4 Ra3 44. Re4 Rf1+ 45. Kh2 Raa1 46. Kg3 Ra3+ 47. Kh4 Rfa1 48. Rf2+ Kg7 49. Re7+ Kg6 50. Bh5+ 1-0

[Event "4NCL Online Division 5"]
[Site "online"]
[Date "2021.11.02"]
[EventDate "2021.11.02"]
[Round "6.213"]
[White "McCullagh, Tim"]
[WhiteElo "1375"]
[WhiteTeam "Wessex Some Stars H"]
[Black "Johnson, Andy G"]
[BlackElo "1654"]
[BlackTeam "Devana Corieltauvorum"]
[Result "0-1"]
[PlyCount "56"]

1. d4 d6 2. e4 g6 3. Nc3 Bg7 4. f4 Nf6 5. Nf3 Nbd7 6. Be3 b6 7. e5 Ng4 8. Qd2 Bb7 9. e6 fxe6 10. Ng5 Nf8 11. O-O-O h6 12. h3 hxg5 13. hxg4 Rxh1 14. Bc4 Rxd1+ 15. Kxd1 d5 16. Bb5+ c6 17. Bd3 Qd6 18. fxg5 O-O-O 19. Bf4 e5 20. Bg3 Qe6 21. Qe2 exd4 22. Bxg6 Qxe2+ 23. Nxe2 Nxg6 24. Nf4 Nxf4 25. Bxf4 Rf8 26. g3 e5 27. Bd2 Ba6 28. Ke1 Rf1# 0-1

[Event "4NCL Online Division 5"]
[Site "online"]
[Date "2021.11.02"]
[EventDate "2021.11.02"]
[Round "6.214"]
[White "Pettitt, David"]
[WhiteElo "1627"]
[WhiteTeam "Devana Corieltauvorum"]
[Black "Wright, George A"]
[BlackElo "1108"]
[BlackTeam "Wessex Some Stars H"]
[Result "1-0"]
[PlyCount "107"]

1. d4 Nf6 2. c4 e6 3. Nf3 b6 4. Nc3 Bb7 5. Qc2 Bb4 6. Bd2 Bxc3 7. Bxc3 Be4 8. Qd2 d5 9. e3 Nbd7 10. Be2 Bg6 11. Bd3 Ne4 12. Qc2 Nxc3 13. Qxc3 Bxd3 14. Qxd3 Nf6 15. Ne5 Qd6 16. O-O O-O 17. a3 c5 18. cxd5 exd5 19. Rac1 c4 20. Qf5 Qe6 21. Qxe6 fxe6 22. f3 Rad8 23. Rc2 Ne8 24. Nc6 Rd7 25. Ne5 Rc7 26. Rfc1 Nd6 27. Re1 b5 28. g3 a5 29. Kg2 b4 30. axb4 axb4 31. Ra1 b3 32. Rcc1 Nf5 33. Kf2 g5 34. Ra6 Ng7 35. Ke2 h5 36. e4 Rd8 37. Ke3 dxe4 38. Kxe4 g4 39. f4 Re8 40. Rxc4 Rxc4 41. Nxc4 Rb8 42. Rb6 Rxb6 43. Nxb6 Kf7 44. Nc4 Kf6 45. Nd2 Ne8 46. Nxb3 Nd6+ 47. Kd3 Kf5 48. Nc5 Ne4 49. Nxe4 Kg6 50. b4 Kf7 51. Kc4 Ke7 52. Kc5 Kd7 53. b5 Kc7 54. Nf6 1-0

[Event "4NCL Online Division 5"]
[Site "online"]
[Date "2021.11.02"]
[EventDate "2021.11.02"]
[Round "6.221"]
[White "Hutton, Allan"]
[WhiteElo "1549"]
[WhiteTeam "Hertford 3"]
[Black "Garrood, Anthony"]
[BlackElo "1518"]
[BlackTeam "Guildford Castles 3"]
[Result "1/2-1/2"]
[PlyCount "54"]

1. Nf3 d5 2. g3 Nf6 3. Bg2 Nc6 4. d4 Bg4 5. O-O e6 6. Nbd2 Be7 7. c3 h5 8. h4 Qd7 9. Ne5 Qd6 10. Ndf3 Bxf3 11. Nxf3 Ne4 12. Bf4 Qd7 13. Ne5 Nxe5 14. Bxe5 f6 15. Bf4 g5 16. hxg5 f5 17. Bxe4 dxe4 18. Kg2 O-O-O 19. Rh1 Rdg8 20. e3 Bxg5 21. Rxh5 Bxf4 22. exf4 Qb5 23. Rxh8 Rxh8 24. Qb3 Qd3 25. Qd1 Qb5 26. Qb3 Qd3 27. Qd1 Qb5 1/2-1/2

[Event "4NCL Online Division 5"]
[Site "online"]
[Date "2021.11.02"]
[EventDate "2021.11.02"]
[Round "6.222"]
[White "Moreno Serrano, Carlos"]
[WhiteElo "1521"]
[WhiteTeam "Guildford Castles 3"]
[Black "Gregory, Gerald"]
[BlackElo "1434"]
[BlackTeam "Hertford 3"]
[Result "0-1"]
[PlyCount "156"]

1. c4 c5 2. Nc3 Nc6 3. g3 g6 4. Bg2 Bg7 5. e4 Nf6 6. Nge2 O-O 7. O-O d6 8. h3 Ne5 9. d3 a6 10. a4 Rb8 11. f4 Nc6 12. f5 Ne5 13. Be3 Bd7 14. Qd2 b5 15. axb5 axb5 16. b3 bxc4 17. bxc4 Qc8 18. g4 Ne8 19. Kh2 Nc7 20. Ng1 Rb3 21. Rac1 Na6 22. Nf3 Nxf3+ 23. Bxf3 Qb8 24. Kg3 Rb2 25. Rc2 Rxc2 26. Qxc2 d5+ 27. Bf4 Be5 28. Nxd5 Bxf4+ 29. Nxf4 g5 30. Be2 gxf4+ 31. Rxf4 Nb4 32. Qc3 Nc6 33. g5 Nd4 34. Bg4 Qe5 35. Qd2 Rb8 36. h4 Rb2 37. Qa5 Rg2+ 38. Kxg2 Qxf4 39. Qd8+ Kg7 40. f6+ exf6 41. Qxf6+ Qxf6 42. gxf6+ Kxf6 43. Bxd7 Ne2 44. Kf2 Nf4 45. Ke3 Ng2+ 46. Kf3 Nxh4+ 47. Kf4 Ng6+ 48. Kg4 h5+ 49. Kxh5 Ne5 50. Kh6 Nxd7 51. Kh5 Ne5 52. Kh4 Nxd3 53. Kg4 Ne5+ 54. Kf4 Nxc4 55. Kf3 Ne5+ 56. Ke3 Ke6 57. Kd2 Ng4 58. Kc3 Kd6 59. Kc4 Ne5+ 60. Kc3 Nf3 61. Kd3 Nd4 62. Kc4 Kc6 63. Kd3 Kb5 64. Kc3 Nf3 65. Kd3 Kb4 66. Ke3 Ne5 67. Kd2 Kc4 68. Ke3 Kc3 69. Ke2 Kd4 70. Kd2 Kxe4 71. Kc3 c4 72. Kc2 Kd4 73. Kd2 c3+ 74. Kc2 Nc4 75. Kc1 Kd3 76. Kd1 c2+ 77. Kc1 Ne3 78. Kb2 Kd2 0-1

[Event "4NCL Online Division 5"]
[Site "online"]
[Date "2021.11.02"]
[EventDate "2021.11.02"]
[Round "6.223"]
[White "Brewis, Alan"]
[WhiteElo "1336"]
[WhiteTeam "Hertford 3"]
[Black "Long, David"]
[BlackElo "1501"]
[BlackTeam "Guildford Castles 3"]
[Result "0-1"]
[PlyCount "34"]

1. e4 e5 2. d4 exd4 3. c3 d5 4. exd5 Qxd5 5. Nf3 Bg4 6. Be2 Nc6 7. O-O Nf6 8. Re1 O-O-O 9. h3 Bh5 10. Bg5 Bxf3 11. Bxf6 Bxe2 12. Rxe2 gxf6 13. Rd2 Rg8 14. Qf1 Qd7 15. Rd3 Ne5 16. Rg3 Bc5 17. a4 Rxg3 0-1

[Event "4NCL Online Division 5"]
[Site "online"]
[Date "2021.11.02"]
[EventDate "2021.11.02"]
[Round "6.224"]
[White "Kelly, Adam"]
[WhiteElo "896"]
[WhiteTeam "Guildford Castles 3"]
[Black "Hurley, James"]
[BlackElo "1272"]
[BlackTeam "Hertford 3"]
[Result "0-1"]
[PlyCount "100"]

1. d4 d5 2. c4 e6 3. Nc3 Nf6 4. Nf3 Bb4 5. Bg5 O-O 6. e3 h6 7. Bh4 Nbd7 8. Bd3 c6 9. O-O Qa5 10. Qc2 Bxc3 11. bxc3 Ne4 12. Bxe4 dxe4 13. Nd2 f5 14. c5 b6 15. Nc4 Qa6 16. Nd6 g5 17. Bg3 bxc5 18. Qb3 c4 19. Nxc4 Nb6 20. Nd6 Bd7 21. Rfc1 Nd5 22. c4 Rab8 23. Qd1 f4 24. cxd5 fxg3 25. fxg3 cxd5 26. Qh5 Rf6 27. Rf1 Rbf8 28. Rxf6 Rxf6 29. Ne8 Bxe8 30. Qxe8+ Rf8 31. Qg6+ Kh8 32. Qxh6+ Kg8 33. Qxg5+ Kh7 34. h4 Rf5 35. Qe7+ Kh6 36. g4 Qe2 37. g5+ Kh5 38. Qh7+ Kg4 39. Qxf5+ exf5 40. Rf1 Qxe3+ 41. Rf2 Kxh4 42. g6 Qg5 43. Kh2 Qg3+ 44. Kg1 Qxg6 45. Rf4+ Kg3 46. Rf2 f4 47. a4 Qg7 48. Ra2 Qxd4+ 49. Rf2 Qxf2+ 50. Kh1 Qxg2# 0-1

[Event "4NCL Online Division 5"]
[Site "online"]
[Date "2021.11.02"]
[EventDate "2021.11.02"]
[Round "6.231"]
[White "Young, Jonathan G"]
[WhiteElo "1521"]
[WhiteTeam "Farnham C"]
[Black "Marchettini, Cristiano"]
[BlackElo "1515"]
[BlackTeam "Catford Cosmonauts 4"]
[Result "0-1"]
[PlyCount "108"]

1. e4 e5 2. Nf3 Nc6 3. Bb5 a6 4. Ba4 Nf6 5. O-O Be7 6. Re1 O-O 7. c3 b5 8. Bb3 d6 9. h3 Na5 10. Bc2 c5 11. d3 Nc6 12. Nbd2 a5 13. a4 b4 14. Nc4 Be6 15. Bb3 Nd7 16. Ne3 Nb6 17. Bd2 Qd7 18. Kh2 d5 19. exd5 Nxd5 20. Nxd5 Bxd5 21. Bxd5 Qxd5 22. Bg5 Rfe8 23. Qc2 Bxg5 24. Nxg5 Rad8 25. Rad1 h6 26. Nf3 Qd6 27. Kg1 Qg6 28. Qb1 Re6 29. Kh1 Rd5 30. Re3 Ne7 31. Nh4 Qh5 32. Nf3 Nf5 33. Ree1 Nh4 34. Nxh4 Qxh4 35. Kg1 Rf6 36. Qc2 b3 37. Qe2 Qxa4 38. c4 Rd4 39. Qxe5 Qb4 40. Qe8+ Kh7 41. Re4 Rxe4 42. Qxe4+ Kg8 43. Qe8+ Kh7 44. Qe4+ g6 45. Qe5 Kg7 46. Qe3 Re6 47. Qf3 Re1+ 48. Rxe1 Qxe1+ 49. Kh2 Qe5+ 50. Qg3 Qxb2 51. Qd6 Qd4 52. Qb6 b2 53. f3 Qc3 54. Kg3 Qc2 0-1

[Event "4NCL Online Division 5"]
[Site "online"]
[Date "2021.11.02"]
[EventDate "2021.11.02"]
[Round "6.232"]
[White "Barber, James R"]
[WhiteElo "1388"]
[WhiteTeam "Catford Cosmonauts 4"]
[Black "Amos, Alice"]
[BlackElo "1432"]
[BlackTeam "Farnham C"]
[Result "1-0"]
[PlyCount "79"]

1. Nf3 Nf6 2. g3 g6 3. Bg2 Bg7 4. O-O O-O 5. d3 Nc6 6. e4 d6 7. Nbd2 e5 8. Nc4 Bg4 9. Ne3 Bxf3 10. Bxf3 Nd4 11. Bg2 Rb8 12. c3 Nc6 13. f4 Nd7 14. f5 Qe7 15. Nd5 Qd8 16. Qg4 Nf6 17. Nxf6+ Qxf6 18. Bg5 Qxg5 19. Qxg5 Rbe8 20. Bh3 Ne7 21. f6 Nc8 22. fxg7 Kxg7 23. Rf2 h6 24. Qe3 Ne7 25. Raf1 Ng8 26. Qxa7 Rb8 27. Rxf7+ Rxf7 28. Rxf7+ Kxf7 29. Qxb8 Nf6 30. Qxc7+ Kf8 31. Qxd6+ Kg7 32. Qe7+ Kg8 33. Qxf6 Kh7 34. Qxe5 h5 35. d4 b6 36. d5 Kh6 37. d6 b5 38. d7 h4 39. d8=Q hxg3 40. Qdh8# 1-0

[Event "4NCL Online Division 5"]
[Site "online"]
[Date "2021.11.02"]
[EventDate "2021.11.02"]
[Round "6.233"]
[White "Amos, Katherine"]
[WhiteElo "1295"]
[WhiteTeam "Farnham C"]
[Black "Hunt, Iain"]
[BlackElo "1238"]
[BlackTeam "Catford Cosmonauts 4"]
[Result "0-1"]
[PlyCount "134"]

1. e4 c5 2. Nf3 e6 3. d4 cxd4 4. Qxd4 Nc6 5. Qd1 a6 6. Nc3 Qc7 7. Bd3 Nf6 8. O-O Bc5 9. Re1 O-O 10. Be3 Bb4 11. Bg5 Ng4 12. h3 Nge5 13. a3 Nxf3+ 14. Qxf3 Ne5 15. Qf4 Bd6 16. Qg3 Ng6 17. Qe3 Bc5 18. Qd2 b5 19. b4 Bd4 20. Ne2 Bxa1 21. Rxa1 Ne5 22. Bf4 d6 23. Ng3 Nxd3 24. Qxd3 Rd8 25. Rc1 Bb7 26. c4 bxc4 27. Rxc4 Qe7 28. Qc2 Rac8 29. Qb3 Rxc4 30. Qxc4 Rc8 31. Qb3 d5 32. exd5 Bxd5 33. Qb2 Qb7 34. Be5 Bxg2 35. Bxg7 Bxh3 36. f4 Qf3 37. Nh1 Qg4+ 38. Kh2 Qxg7 39. Qxg7+ Kxg7 40. Kxh3 Rc3+ 41. Kg4 Rxa3 42. Ng3 Ra4 43. Nh5+ Kg6 44. Ng3 Rxb4 45. Ne2 a5 46. Kf3 a4 47. Nd4 a3 48. Nc2 Rb3+ 49. Ke2 a2 50. Kd1 Rb8 51. Kc1 Kf5 52. Nd4+ Kxf4 53. Nc2 h5 54. Kd2 h4 55. Kd1 Kf3 56. Kd2 h3 57. Ne1+ Kf2 58. Nd3+ Kf1 59. Nc1 h2 60. Nxa2 h1=Q 61. Nc3 Qg2+ 62. Kd3 Qf3+ 63. Kd4 Rb4+ 64. Ke5 Qxc3+ 65. Kd6 Qd4+ 66. Ke7 Rb7+ 67. Kf8 Qh8# 0-1

[Event "4NCL Online Division 5"]
[Site "online"]
[Date "2021.11.02"]
[EventDate "2021.11.02"]
[Round "6.234"]
[White "Hillier, Stanley"]
[WhiteElo "1175"]
[WhiteTeam "Catford Cosmonauts 4"]
[Black "Franklin, Tony"]
[BlackElo "1274"]
[BlackTeam "Farnham C"]
[Result "1-0"]
[PlyCount "57"]

1. e4 d5 2. exd5 Nf6 3. Nc3 Bg4 4. Nf3 a6 5. h3 Bh5 6. d3 e6 7. dxe6 Bb4 8. a3 Ba5 9. exf7+ Kxf7 10. Qe2 Re8 11. Ne5+ Kf8 12. g4 Bf7 13. f4 Qd5 14. Bg2 Qb5 15. b4 Bxb4 16. axb4 Qxb4 17. Ba3 Nc6 18. Bxb4+ Nxb4 19. O-O c6 20. Ra4 a5 21. g5 Bh5 22. Bf3 g6 23. Bxh5 gxh5 24. gxf6 Rad8 25. Qxh5 Rxe5 26. Qxe5 Re8 27. Qd6+ Kf7 28. Qd7+ Kf8 29. Qg7# 1-0

[Event "4NCL Online Division 5"]
[Site "online"]
[Date "2021.11.02"]
[EventDate "2021.11.02"]
[Round "6.241"]
[White "Townend, Ron"]
[WhiteElo "1541"]
[WhiteTeam "War & Piece Banner"]
[Black "Nagar, Nikunj"]
[BlackElo "653"]
[BlackTeam "East Kilbride Wanderers"]
[Result "1-0"]
[PlyCount "121"]

1. d4 d5 2. c4 dxc4 3. e4 e6 4. Bxc4 Bb4+ 5. Nc3 Ne7 6. a3 Bxc3+ 7. bxc3 Nbc6 8. Bg5 f6 9. Bh4 Bd7 10. Qh5+ Ng6 11. Ne2 Qe7 12. O-O O-O-O 13. Bg3 a6 14. Rfb1 Na7 15. Qa5 e5 16. Bxa6 Bc6 17. Bxb7+ Bxb7 18. Rxb7 Kxb7 19. Rb1+ Kc8 20. Qxa7 Kd7 21. Qa4+ Kd6 22. Qa6+ Kd7 23. Rb7 Ke8 24. d5 Kf7 25. Qc4 Rb8 26. d6+ Qe6 27. Qxc7+ Ne7 28. Rxb8 Rxb8 29. Qxb8 Qd7 30. Qb3+ Ke8 31. dxe7 Qxe7 32. f3 Qc5+ 33. Bf2 Qc6 34. Kf1 Qd7 35. c4 Ke7 36. Qb4+ Kd8 37. Qb6+ Ke8 38. Qb5 Qxb5 39. cxb5 Kd8 40. b6 Kc8 41. a4 Kb7 42. a5 h6 43. Nc3 g6 44. Ke2 h5 45. Kd3 g5 46. Kc4 h4 47. Kd5 Ka6 48. Ke6 f5 49. Kxf5 g4 50. Kxg4 h3 51. Kxh3 Kb7 52. Kg4 Ka6 53. Kf5 Kb7 54. Kxe5 Ka6 55. h4 Kb7 56. h5 Ka6 57. h6 Kb7 58. h7 Ka6 59. h8=Q Kb7 60. a6+ Kxa6 61. Qa8# 1-0

[Event "4NCL Online Division 5"]
[Site "online"]
[Date "2021.11.02"]
[EventDate "2021.11.02"]
[Round "6.242"]
[White "Roul, Tushar"]
[WhiteElo "472"]
[WhiteTeam "East Kilbride Wanderers"]
[Black "Thomas, Jacob"]
[BlackElo "1481"]
[BlackTeam "War & Piece Banner"]
[Result "1/2-1/2"]
[PlyCount "45"]

1. d4 Nf6 2. c4 g6 3. Nc3 Bg7 4. e4 d6 5. Be3 O-O 6. Bd3 e5 7. d5 c5 8. Nge2 Qb6 9. Qb3 Qxb3 10. axb3 Na6 11. Nb5 Nb4 12. Bb1 Rd8 13. O-O a6 14. f3 Rb8 15. Na3 Bd7 16. Rd1 h5 17. Nc2 Nxc2 18. Bxc2 Nh7 19. h4 Rf8 20. Rf1 f5 21. Nc3 f4 22. Bd2 Bf6 23. Be1 1/2-1/2

[Event "4NCL Online Division 5"]
[Site "online"]
[Date "2021.11.02"]
[EventDate "2021.11.02"]
[Round "6.243"]
[White "Bailey, Duncan"]
[WhiteElo "1389"]
[WhiteTeam "War & Piece Banner"]
[Black "Roul, Karan"]
[BlackElo "455"]
[BlackTeam "East Kilbride Wanderers"]
[Result "1-0"]
[PlyCount "39"]

1. c4 e5 2. Nc3 Nf6 3. g3 Nc6 4. Bg2 Bb4 5. Nd5 O-O 6. a3 Bc5 7. b4 Bd4 8. Rb1 d6 9. e3 Bb6 10. b5 Na5 11. d3 Nxd5 12. Bxd5 c6 13. bxc6 bxc6 14. Bg2 d5 15. Nf3 e4 16. dxe4 dxe4 17. Nd2 f5 18. Bb2 Be6 19. Qc2 Qd5 20. cxd5 1-0

[Event "4NCL Online Division 5"]
[Site "online"]
[Date "2021.11.02"]
[EventDate "2021.11.02"]
[Round "6.251"]
[White "Kucukyildiz, Alp Tugrul"]
[WhiteElo "1441"]
[WhiteTeam "KCS U13B"]
[Black "Hunter, Gary"]
[BlackElo "1465"]
[BlackTeam "Deaf England 2"]
[Result "1-0"]
[PlyCount "131"]

1. e4 e5 2. Nf3 Nc6 3. Bb5 a6 4. Ba4 Nf6 5. d3 b5 6. Bb3 h6 7. O-O Bc5 8. Be3 Bxe3 9. fxe3 d6 10. h3 Na5 11. Nc3 c6 12. d4 exd4 13. exd4 Nxb3 14. axb3 b4 15. e5 bxc3 16. exf6 Qxf6 17. Re1+ Be6 18. bxc3 O-O 19. c4 Qg6 20. Kh1 Bf5 21. Nh4 Qg5 22. Nxf5 Qxf5 23. Qd3 Qxd3 24. cxd3 Ra7 25. Ra3 a5 26. Rea1 Rfa8 27. Kg1 Kf8 28. Kf2 Ke7 29. Ke2 Ke6 30. Kd2 f5 31. Kc3 c5 32. dxc5 dxc5 33. R3a2 g5 34. Re2+ Kf6 35. Rae1 Ra6 36. Re5 Rc8 37. g3 Rcc6 38. d4 cxd4+ 39. Kxd4 Rcb6 40. Kc3 Rb7 41. Rd5 Rab6 42. Rb1 a4 43. b4 Re6 44. Rd3 a3 45. Ra1 Ra7 46. Kb3 a2 47. Rxa2 Rae7 48. Rc2 Re4 49. c5 Rb7 50. Rc4 Re2 51. c6 Rc7 52. b5 f4 53. gxf4 gxf4 54. Rxf4+ Ke5 55. Rc4 Re1 56. Rc2 Rb1+ 57. Rb2 Rc1 58. Rc3 Rf1 59. Kb4 Rf4+ 60. Rc4 Rf6 61. Rbc2 Kd5 62. Rc5+ Kd6 63. Rd2+ Ke7 64. Re5+ Kf7 65. Kc5 Kg7 66. Rd7+ 1-0

[Event "4NCL Online Division 5"]
[Site "online"]
[Date "2021.11.02"]
[EventDate "2021.11.02"]
[Round "6.252"]
[White "Gibson, Stephen"]
[WhiteElo "1505"]
[WhiteTeam "Deaf England 2"]
[Black "Luthia, Indra Jatin"]
[BlackElo "1352"]
[BlackTeam "KCS U13B"]
[Result "1-0"]
[PlyCount "73"]

1. e4 e5 2. f4 d6 3. Nf3 Nc6 4. Bc4 Be6 5. Bxe6 fxe6 6. fxe5 Nxe5 7. O-O Nf6 8. d3 Nxf3+ 9. Qxf3 Be7 10. Nc3 O-O 11. Qg3 d5 12. Bh6 Rf7 13. e5 Nh5 14. Qg4 Qf8 15. Rxf7 Qxf7 16. Rf1 Qg6 17. Qxg6 hxg6 18. Bd2 g5 19. a3 g6 20. Nb5 a6 21. Nxc7 Rc8 22. Nxe6 Rxc2 23. Bc3 Re2 24. d4 Ng7 25. Nc7 Bd8 26. Nxd5 Ne6 27. Rf2 Re4 28. Nf6+ Bxf6 29. Rxf6 Nf4 30. Kf2 Re2+ 31. Kf3 Rc2 32. e6 Kg7 33. e7 Rc1 34. e8=Q Rf1+ 35. Kg4 Rg1 36. Rf7+ Kh6 37. Qh8# 1-0

[Event "4NCL Online Division 5"]
[Site "online"]
[Date "2021.11.02"]
[EventDate "2021.11.02"]
[Round "6.253"]
[White "Ali, Shahyan"]
[WhiteElo "1253"]
[WhiteTeam "KCS U13B"]
[Black "Masterson, Desmond"]
[BlackElo "1001"]
[BlackTeam "Deaf England 2"]
[Result "0-1"]
[PlyCount "134"]

1. e4 e6 2. Bc4 d5 3. exd5 exd5 4. Bb5+ c6 5. Be2 Nf6 6. d3 Bd6 7. Nf3 Be6 8. Bg5 Nbd7 9. O-O Qc7 10. h3 Qb6 11. b3 Nh5 12. Nbd2 Nf4 13. Bxf4 Bxf4 14. c4 O-O 15. cxd5 Bxd5 16. Nc4 Qc7 17. Re1 b5 18. Ncd2 Rfe8 19. d4 Bd6 20. Bd3 Bb4 21. a3 Bxf3 22. Qc2 Bxd2 23. Bxh7+ Kh8 24. Rxe8+ Rxe8 25. gxf3 Re1+ 26. Rxe1 Bxe1 27. Be4 Nb8 28. b4 Qf4 29. Bxc6 Nxc6 30. Qxc6 Qxd4 31. Qe8+ Kh7 32. Qxe1 Qf6 33. Qe4+ g6 34. h4 Qa1+ 35. Kg2 Qxa3 36. h5 Qa6 37. hxg6+ Qxg6+ 38. Qxg6+ Kxg6 39. Kg3 Kf5 40. Kh4 Kf4 41. Kh5 Kxf3 42. Kh6 Kxf2 43. Kg7 Ke3 44. Kf6 Kd4 45. Kxf7 Kc4 46. Ke6 Kxb4 47. Ke5 Kc4 48. Ke4 Kc3 49. Ke3 Kc2 50. Ke2 b4 51. Ke3 b3 52. Kd4 b2 53. Kc4 b1=Q 54. Kd4 a5 55. Kc4 a4 56. Kd4 a3 57. Ke3 a2 58. Ke2 a1=Q 59. Kf2 Kc3 60. Ke3 Qd3+ 61. Kf4 Qa4+ 62. Ke5 Qdd4+ 63. Ke6 Qac4+ 64. Kf5 Qcc5+ 65. Ke6 Qdd6+ 66. Kf7 Qcc7+ 67. Kg8 Qdd8# 0-1

[Event "4NCL Online Division 5"]
[Site "online"]
[Date "2021.11.02"]
[EventDate "2021.11.02"]
[Round "6.254"]
[White "O'Donnell, Anthony"]
[WhiteElo "1003"]
[WhiteTeam "Deaf England 2"]
[Black "Kou, Victor"]
[BlackElo "951"]
[BlackTeam "KCS U13B"]
[Result "0-1"]
[PlyCount "26"]

1. d4 Nf6 2. Bg5 Ne4 3. Bf4 c5 4. f3 Qa5+ 5. c3 Nf6 6. Nd2 cxd4 7. cxd4 g5 8. Bg3 d6 9. e4 Bd7 10. a3 g4 11. b4 Qg5 12. Rc1 Qe3+ 13. Be2 Bh6 0-1

[Event "4NCL Online Division 5"]
[Site "online"]
[Date "2021.11.02"]
[EventDate "2021.11.02"]
[Round "6.261"]
[White "Rasalingam, Rishi"]
[WhiteElo "1167"]
[WhiteTeam "Barnet Knights D"]
[Black "Jebananthan, Jeshan"]
[BlackElo "1281"]
[BlackTeam "Uxbridge E"]
[Result "1-0"]
[PlyCount "53"]

1. e4 e5 2. f4 Nc6 3. Nf3 Bd6 4. Bc4 b6 5. O-O Bb7 6. Nc3 Nf6 7. d3 O-O 8. Bb5 Nd4 9. fxe5 Nxf3+ 10. Qxf3 Bxe5 11. Bc4 c6 12. Be3 d5 13. d4 dxe4 14. Nxe4 Nxe4 15. Qxe4 Bc7 16. Qg4 Qe7 17. Bh6 g6 18. Bxf8 Rxf8 19. c3 Qe3+ 20. Kh1 c5 21. Qd7 Qe4 22. Rf2 Bxh2 23. Kxh2 Qh4+ 24. Kg1 Qe4 25. Raf1 Bc6 26. Qc7 cxd4 27. Re2 1-0